A manual of historical research methodology/ (Record no. 10996)

MARC details
000 -LEADER
fixed length control field 00734 a2200205 4500
010 ## - LIBRARY OF CONGRESS CONTROL NUMBER
LC control number ENG-89617
020 ## - INTERNATIONAL STANDARD BOOK NUMBER
International Standard Book Number 8190592802
Terms of availability 350.00
035 ## - SYSTEM CONTROL NUMBER
System control number EN-73150
037 ## - SOURCE OF ACQUISITION
Source of stock number/acquisition DBAD / PUB
082 14 - DEWEY DECIMAL CLASSIFICATION NUMBER
Classification number 907.2
090 ## - LOCALLY ASSIGNED LC-TYPE CALL NUMBER (OCLC); LOCAL CALL NUMBER (OCLC)
-- 11302
-- 11302
100 1# - MAIN ENTRY--PERSONAL NAME
Personal name Sreedharan, E.
245 1# - TITLE STATEMENT
Title A manual of historical research methodology/
Statement of responsibility, etc by E. Sreedharan
260 ## - PUBLICATION, DISTRIBUTION, ETC. (IMPRINT)
Place of publication, distribution, etc Trivandrum
Name of publisher, distributor, etc The Centre for South Indian Studies
Date of publication, distribution, etc 2007
270 ## - ADDRESS
Address Kudappanakunnu
City Trivandrum
State or province India
Postal code 695043
Electronic mail address indiastudies@gmail.com
300 ## - PHYSICAL DESCRIPTION
Extent xiii, 374p.
Dimensions 23 cm (pbk)
500 ## - GENERAL NOTE
General note Includes bibliographical references & index.
942 ## - ADDED ENTRY ELEMENTS (KOHA)
Institution code [OBSOLETE] dpl
Koha item type English Books
Call number prefix 907.2/ SRE
Holdings
Withdrawn status Lost status Source of classification or shelving scheme Damaged status Not for loan Collection code Home library Current library Source of acquisition Cost, normal purchase price Total Checkouts Full call number Barcode Date last seen Copy number Uniform Resource Identifier Cost, replacement price Price effective from Koha item type
    Dewey Decimal Classification   Not For Loan Non-fiction D.B.Act.Division D.B.Act.Division DBAD/PUB 350.00   907.2 SRE EN-73150 15/09/2008 1 12099 350.00 15/09/2008 English Books

© Delhi Public Library
Hit Counter
free hit counter